000
00205 a2200097 4500
001
59969
100
_a
245
_a
Talaash
260
_a
Lahore
_b
Al-Faisal Nashran
_c
2008
090
_c
36808
_d
36808
942
_a
NUST-CAE
_c
MONOGRAPH
_c
29789
999
_c
295042
_d
295042